Lanean...
Devdasi ya dharmik veshya:ek punarvichar/
| Egile nagusia: | |
|---|---|
| Formatua: | Printed Book |
| Argitaratua: |
New Delhi:
Vani Prakashan,
2010.
|
| LEADER | 00387 a2200109 4500 | ||
|---|---|---|---|
| 100 | |a Priyadarshini Vijayshri | ||
| 245 | |a Devdasi ya dharmik veshya:ek punarvichar/ |c Priyadarshini Vijayshri | ||
| 260 | |a New Delhi: |b Vani Prakashan, |c 2010. | ||
| 300 | |a 220p. | ||
| 942 | |2 ddc |c BK | ||
| 999 | |c 241108 |d 241108 | ||
| 952 | |0 0 |1 0 |4 0 |7 0 |9 267599 |a HIN |b HIN |c ST1 |d 2011-11-04 |i 22002 |l 0 |p HIN22002 |r 2014-02-07 |w 2014-02-07 |y BK | ||